<?xml version="1.0" encoding="UTF-8"?>
<record
    xmlns:xsi="http://www.w3.org/2001/XMLSchema-instance"
    xsi:schemaLocation="http://www.loc.gov/MARC21/slim http://www.loc.gov/standards/marcxml/schema/MARC21slim.xsd"
    xmlns="http://www.loc.gov/MARC21/slim">

  <leader>01554cam a22002413a 4500</leader>
  <controlfield tag="001">24876</controlfield>
  <controlfield tag="003">PGUSA</controlfield>
  <controlfield tag="005">20140828083532.0</controlfield>
  <controlfield tag="008">080319s2008||||xxu|||||s|||||000 | eng d</controlfield>
  <datafield tag="040" ind1=" " ind2=" ">
    <subfield code="a">PGUSA</subfield>
    <subfield code="b">eng</subfield>
  </datafield>
  <datafield tag="042" ind1=" " ind2=" ">
    <subfield code="a">dc</subfield>
  </datafield>
  <datafield tag="050" ind1=" " ind2="4">
    <subfield code="a">PS</subfield>
  </datafield>
  <datafield tag="100" ind1="1" ind2=" ">
    <subfield code="a">Montgomery, L. M.</subfield>
    <subfield code="q">(Lucy Maud),</subfield>
    <subfield code="d">1874-1942</subfield>
  </datafield>
  <datafield tag="245" ind1="1" ind2="0">
    <subfield code="a">Lucy Maud Montgomery Short Stories, 1905 to 1906</subfield>
    <subfield code="h">[electronic resource] /</subfield>
    <subfield code="c">L. M. Montgomery</subfield>
  </datafield>
  <datafield tag="260" ind1=" " ind2=" ">
    <subfield code="b">Project Gutenberg,</subfield>
    <subfield code="c">2008</subfield>
  </datafield>
  <datafield tag="505" ind1="0" ind2=" ">
    <subfield code="a">A correspondence and a climax -- An adventure on Island Rock -- At five o'clock in the morning -- Aunt Susanna's birthday celebration -- Bertie's New Year -- Between the hill and the valley -- Clorinda's gifts -- Cyrilla's inspiration -- Dorinda's desperate deed -- Her own people -- Ida's New Year cake -- In the old valley -- Jane Lavinia -- Mackereling out in the gulf -- Millicent's double -- The blue north room -- The Christmas surprise at Enderly Road -- The dissipation of Miss Ponsonby -- The Falsoms' Christmas dinner -- The Fraser Scholarship -- The girl at the gate -- The light on the Big Dipper -- The prodigal brother -- The redemption of John Churchill -- The schoolmaster's letter -- The story of Uncle Dick -- The understanding of Sister Sara -- The unforgotten one -- The wooing of Bessy -- Their girl Josie -- When Jack and Jill took a hand.</subfield>
  </datafield>
  <datafield tag="506" ind1=" " ind2=" ">
    <subfield code="a">Public domain in the USA.</subfield>
  </datafield>
  <datafield tag="516" ind1=" " ind2=" ">
    <subfield code="a">Electronic text</subfield>
  </datafield>
  <datafield tag="653" ind1=" " ind2=" ">
    <subfield code="a">Short stories, Canadian</subfield>
  </datafield>
  <datafield tag="830" ind1=" " ind2="0">
    <subfield code="a">Project Gutenberg</subfield>
    <subfield code="v">24876</subfield>
  </datafield>
  <datafield tag="856" ind1="4" ind2="0">
    <subfield code="u">http://www.gutenberg.org/ebooks/24876</subfield>
  </datafield>
  <datafield tag="942" ind1=" " ind2=" ">
    <subfield code="c">EB</subfield>
  </datafield>
  <datafield tag="999" ind1=" " ind2=" ">
    <subfield code="c">254131</subfield>
    <subfield code="d">254131</subfield>
  </datafield>
  <datafield tag="952" ind1=" " ind2=" ">
    <subfield code="0">0</subfield>
    <subfield code="1">0</subfield>
    <subfield code="4">0</subfield>
    <subfield code="a">GTB</subfield>
    <subfield code="b">GTB</subfield>
    <subfield code="d">2014-08-28</subfield>
    <subfield code="l">0</subfield>
    <subfield code="r">2014-08-28 00:00:00</subfield>
    <subfield code="w">2014-08-28</subfield>
    <subfield code="y">EB</subfield>
  </datafield>
</record>
